[Event "GER-chT U20"]
[Site "Osnabrueck"]
[Date "2015.12.30"]
[Round "7.6"]
[White "Nahnsen, Kenneth"]
[Black "Nguyen, Anh Van"]
[Result "1-0"]
[WhiteElo "1914"]
[BlackElo "1654"]
[PlyCount "79"]
[EventDate "2015.12.27"]
[EventType "team-swiss"]
[EventRounds "7"]
[EventCountry "GER"]
[SourceTitle "EXT 2017"]
[Source "ChessBase"]
[SourceDate "2016.10.25"]
[SourceVersion "1"]
[SourceVersionDate "2016.10.25"]
[SourceQuality "1"]
[WhiteTeam "Kiel Doppelbauer"]
[BlackTeam "Potsdam"]
[WhiteTeamCountry "GER"]
[BlackTeamCountry "GER"]

1. g3 d5 2. c4 e6 3. Bg2 c6 4. Nf3 Nd7 5. d4 Ngf6 6. Qc2 Bd6 7. 0-0 0-0 8. Bf4 Bxf4 9. gxf4 dxc4 10. Qxc4 Nb6 11. Qc2 Nbd5 12. e3 Qc7 13. a3 Bd7 14. Nbd2 Rac8 15. Rac1 Rfd8 16. Ne5 Be8 17. Bf3 Nd7 18. Kh1 f6 19. Nxd7 Qxd7 20. Be4 f5 21. Bf3 Nxf4 22. exf4 Qxd4 23. Rfd1 Qxf4 24. Qc4 Qe5 25. Qc3 Qd4 26. Qxd4 Rxd4 27. Nb3 Rf4 28. Kg2 Kf7 29. Nc5 b6 30. Nd3 Rh4 31. Ne5+ Kf6 32. Nxc6 Bxc6 33. Rxc6 Rxc6 34. Bxc6 Rc4 35. Bb5 Rc2 36. b3 Rc3 37. Bc4 b5 38. Bxb5 Rxb3 39. a4 Rb4 40. Rd6 1-0

[Event "GER-ch U14"]
[Site "Magdeburg"]
[Date "2014.06.12"]
[Round "7"]
[White "Abdurakhimov, Peter"]
[Black "Nguyen, Anh Van"]
[Result "1-0"]
[WhiteElo "1784"]
[BlackElo "1596"]
[PlyCount "117"]
[EventDate "2014.06.08"]
[EventType "swiss"]
[EventRounds "9"]
[EventCountry "GER"]
[SourceTitle "CBM 160 Extra"]
[Source "ChessBase"]
[SourceDate "2014.07.01"]
[SourceVersion "1"]
[SourceVersionDate "2014.07.01"]
[SourceQuality "1"]

1. e4 c6 2. Nf3 d5 3. Nc3 dxe4 4. Nxe4 Nd7 5. d4 Ngf6 6. Ng3 e6 7. Bd3 Qc7 8. 0-0 Bd6 9. c4 0-0 10. c5 Be7 11. Bd2 b6 12. b4 Nd5 13. Re1 Nf4 14. Be4 Ng6 15. h4 f5 16. Bc2 Nxh4 17. Bb3 Nxf3+ 18. Qxf3 Nf6 19. Nxf5 Kh8 20. Nxe7 Qxe7 21. Bg5 bxc5 22. bxc5 h6 23. Bxf6 Qxf6 24. Qxf6 Rxf6 25. Re5 Bd7 26. Rae1 Rd8 27. Bxe6 Bxe6 28. Rxe6 Rxe6 29. Rxe6 Rxd4 30. Rxc6 Ra4 31. Rc8+ Kh7 32. c6 Rxa2 33. c7 Rc2 34. f3 a5 35. Kh2 a4 36. Kg3 a3 37. Ra8 Rxc7 38. Rxa3 Kg6 39. Ra5 Rc6 40. f4 Rb6 41. Kg4 Kf6 42. g3 Rc6 43. Rf5+ Kg6 44. Rf8 Rf6 45. f5+ Kh7 46. Rxf6 gxf6 47. Kh4 Kg7 48. Kg4 Kh7 49. Kh5 Kg7 50. Kh4 Kh7 51. Kg4 Kg7 52. Kf4 Kf7 53. Ke4 h5 54. Kd5 Ke7 55. Kc6 Ke8 56. Kd6 Kf7 57. Kd7 Kf8 58. Ke6 Kg7 59. Ke7 1-0

[Event "GER-ch U14"]
[Site "Magdeburg"]
[Date "2014.06.10"]
[Round "4"]
[White "Bureik, Nicolas"]
[Black "Nguyen, Anh Van"]
[Result "0-1"]
[WhiteElo "1434"]
[BlackElo "1596"]
[PlyCount "88"]
[EventDate "2014.06.08"]
[EventType "swiss"]
[EventRounds "9"]
[EventCountry "GER"]
[SourceTitle "CBM 160 Extra"]
[Source "ChessBase"]
[SourceDate "2014.07.01"]
[SourceVersion "1"]
[SourceVersionDate "2014.07.01"]
[SourceQuality "1"]

1. d4 Nf6 2. c4 c5 3. d5 b5 4. Qc2 d6 5. e4 bxc4 6. Bxc4 Qb6 7. f4 Nbd7 8. Nf3 Ba6 9. Na3 g6 10. 0-0 Bg7 11. Re1 0-0 12. e5 dxe5 13. fxe5 Ng4 14. Bf4 e6 15. d6 Bb7 16. Qc3 Bxf3 17. gxf3 Ngxe5 18. Bxe5 Nxe5 19. Rxe5 Qxd6 20. f4 Bxe5 21. fxe5 Qd4+ 22. Qxd4 cxd4 23. Nc2 Rfd8 24. Rd1 Rac8 25. b3 d3 26. Rxd3 Rxd3 27. Bxd3 Rc5 28. Kf2 Rxe5 29. Kf3 f5 30. Kf4 Rd5 31. Bc4 Rd2 32. Bxe6+ Kg7 33. Ne3 Kf6 34. Bg8 g5+ 35. Kf3 Rxh2 36. a4 h5 37. Bh7 g4+ 38. Kg3 Rh3+ 39. Kf2 f4 40. Ng2 Ke5 41. b4 Ra3 42. Bg6 g3+ 43. Ke2 Ra2+ 44. Kf3 Rf2# 0-1

[Event "GER-chT U12"]
[Site "Schney"]
[Date "2013.12.27"]
[Round "1.1"]
[White "Kowalski, Ben Wito"]
[Black "Nguyen, Anh Van"]
[Result "0-1"]
[WhiteElo "1657"]
[BlackElo "1520"]
[PlyCount "60"]
[EventDate "2013.12.27"]
[EventType "team-swiss"]
[EventRounds "7"]
[EventCountry "GER"]
[SourceTitle "EXT 2015"]
[Source "ChessBase"]
[SourceDate "2014.11.20"]
[SourceVersion "1"]
[SourceVersionDate "2014.11.20"]
[SourceQuality "1"]
[WhiteTeam "Stade"]
[BlackTeam "Potsdam"]
[WhiteTeamCountry "GER"]
[BlackTeamCountry "GER"]

1. f4 d5 2. Nf3 Nf6 3. g3 e6 4. Bg2 Bc5 5. c3 Nbd7 6. b4 Bb6 7. Na3 Ne4 8. e3 c5 9. Nc2 0-0 10. 0-0 Ndf6 11. Ne5 Bd7 12. g4 Bb5 13. Rf3 Nd7 14. Nxd7 Qxd7 15. Rh3 Bd3 16. Ne1 Qb5 17. Nxd3 Qxd3 18. g5 Nxc3 19. Qg4 Ne4 20. Qh5 Nd6 21. e4 Qd4+ 22. Kh1 h6 23. gxh6 Qxa1 24. Rc3 Ne8 25. f5 cxb4 26. hxg7 Nxg7 27. Qg5 bxc3 28. f6 Qxc1+ 29. Bf1 Qxf1+ 30. Qg1 Qxg1# 0-1

[Event "GER-chT North U12"]
[Site "Magdeburg"]
[Date "2013.09.14"]
[Round "5.1"]
[White "Dathe, Frederick"]
[Black "Nguyen, Anh Van"]
[Result "1-0"]
[WhiteElo "1475"]
[BlackElo "1518"]
[PlyCount "79"]
[EventDate "2013.09.12"]
[EventType "team-swiss"]
[EventRounds "7"]
[EventCountry "GER"]
[SourceTitle "EXT 2014"]
[Source "ChessBase"]
[SourceDate "2013.11.20"]
[SourceVersion "1"]
[SourceVersionDate "2013.11.20"]
[SourceQuality "1"]
[WhiteTeam "Berlin Schachunion"]
[BlackTeam "Potsdam"]
[WhiteTeamCountry "GER"]
[BlackTeamCountry "GER"]

1. d4 Nf6 2. c4 c5 3. d5 b5 4. e3 d6 5. Nf3 g6 6. Be2 Bg7 7. 0-0 Nbd7 8. cxb5 a6 9. Nc3 0-0 10. Qc2 axb5 11. Bxb5 Ba6 12. Bxa6 Rxa6 13. Bd2 Nb6 14. e4 Nfd7 15. Ne2 Qa8 16. a3 Na4 17. Bc3 Nxc3 18. Nxc3 Rb8 19. Rab1 Nb6 20. Nd2 Na4 21. Nxa4 Rxa4 22. Nc4 Ra7 23. Rfe1 Qb7 24. h3 Qb3 25. Qxb3 Rxb3 26. Kh2 Ra8 27. e5 dxe5 28. Nxe5 Bxe5+ 29. Rxe5 Raxa3 30. bxa3 Rxb1 31. Rxe7 Rd1 32. Re8+ Kg7 33. Rd8 Kf6 34. d6 Ra1 35. Rc8 Ke6 36. Rxc5 Kxd6 37. Ra5 f5 38. Ra7 Ke6 39. Rxh7 Rxa3 40. h4 1-0

[Event "GER-chT North U12"]
[Site "Magdeburg"]
[Date "2013.09.14"]
[Round "6.1"]
[White "Nguyen, Anh Van"]
[Black "Steffens, Oliver"]
[Result "1/2-1/2"]
[WhiteElo "1518"]
[BlackElo "1545"]
[PlyCount "87"]
[EventDate "2013.09.12"]
[EventType "team-swiss"]
[EventRounds "7"]
[EventCountry "GER"]
[SourceTitle "EXT 2014"]
[Source "ChessBase"]
[SourceDate "2013.11.20"]
[SourceVersion "1"]
[SourceVersionDate "2013.11.20"]
[SourceQuality "1"]
[WhiteTeam "Potsdam"]
[BlackTeam "Bremen West"]
[WhiteTeamCountry "GER"]
[BlackTeamCountry "GER"]

1. d4 d5 2. Nf3 Nf6 3. g3 Bf5 4. Bg2 e6 5. 0-0 Nbd7 6. c4 c6 7. Qb3 Qb6 8. Bf4 Nh5 9. Be3 Be7 10. Nbd2 Qxb3 11. Nxb3 b6 12. cxd5 exd5 13. Rac1 Rc8 14. Ne5 Nxe5 15. dxe5 g6 16. Nd4 Bd7 17. Nb3 0-0 18. Rfd1 Be6 19. Bh6 Rfd8 20. e4 dxe4 21. Rxd8+ Bxd8 22. Bxe4 c5 23. Be3 Be7 24. Bb7 Rd8 25. Kf1 Ng7 26. f4 Bxb3 27. axb3 Nf5 28. Ke2 Nd4+ 29. Bxd4 Rxd4 30. Rc4 Rd8 31. Ba6 g5 32. fxg5 Rd5 33. h4 Rxe5+ 34. Kf3 Rd5 35. Re4 Bf8 36. Bc4 Rd7 37. Rf4 Bg7 38. h5 Kf8 39. g6 hxg6 40. hxg6 f6 41. g4 Ke7 42. Re4+ Kd8 43. Bb5 Re7 44. Rxe7 1/2-1/2

[Event "GER-ch U25 op-A"]
[Site "Oberhof"]
[Date "2013.05.20"]
[Round "3"]
[White "Von Reppert, Marc"]
[Black "Nguyen, Anh Van"]
[Result "0-1"]
[WhiteElo "1681"]
[BlackElo "1630"]
[PlyCount "58"]
[EventDate "2013.05.19"]
[EventType "swiss"]
[EventRounds "9"]
[EventCountry "GER"]
[SourceTitle "CBM 154 Extra"]
[Source "ChessBase"]
[SourceDate "2013.06.25"]
[SourceVersion "2"]
[SourceVersionDate "2013.06.25"]
[SourceQuality "1"]

1. e4 c5 2. c3 d6 3. d4 cxd4 4. cxd4 Nf6 5. Nc3 g6 6. Bd3 Bg7 7. Nf3 0-0 8. h3 Nc6 9. 0-0 Qb6 10. Ne2 Nb4 11. Re1 Nxd3 12. Qxd3 Bd7 13. Nc3 Rac8 14. e5 Bf5 15. Qe3 dxe5 16. dxe5 Nd7 17. Nd5 Qe6 18. Nf4 Qb6 19. Nd5 Qe6 20. Nf4 Qb6 21. Bd2 Qxe3 22. Bxe3 Nxe5 23. Nxe5 Bxe5 24. Nd5 Bd6 25. Bxa7 Be6 26. Nc3 Bb4 27. Rac1 Bxa2 28. Rxe7 Bxe7 29. Nxa2 Ra8 0-1

[Event "GER-ch U25 op-A"]
[Site "Oberhof"]
[Date "2013.05.19"]
[Round "2"]
[White "Nguyen, Anh Van"]
[Black "Gamisch, Laura"]
[Result "0-1"]
[WhiteElo "1630"]
[BlackElo "1763"]
[PlyCount "96"]
[EventDate "2013.05.19"]
[EventType "swiss"]
[EventRounds "9"]
[EventCountry "GER"]
[SourceTitle "CBM 154 Extra"]
[Source "ChessBase"]
[SourceDate "2013.06.25"]
[SourceVersion "2"]
[SourceVersionDate "2013.06.25"]
[SourceQuality "1"]

1. e4 c5 2. Nf3 e6 3. d4 cxd4 4. Nxd4 Nc6 5. Nc3 Qc7 6. Be3 Nf6 7. Qd2 Bb4 8. f3 0-0 9. 0-0-0 a6 10. g4 Na5 11. Kb1 Nc4 12. Bxc4 Qxc4 13. Qd3 Qc7 14. h4 d5 15. exd5 Bxc3 16. d6 Qxd6 17. Qxc3 Nd5 18. Qd2 Nxe3 19. Qxe3 Qc7 20. h5 b5 21. g5 e5 22. Nb3 Bf5 23. Rh2 Rac8 24. Ka1 Rfd8 25. Rxd8+ Rxd8 26. Qe2 e4 27. Rh1 exf3 28. Qxf3 Qxc2 29. Rf1 Be6 30. Rc1 Qf5 31. Qg3 Qg4 32. Qxg4 Bxg4 33. h6 gxh6 34. gxh6 f5 35. Kb1 Rd1 36. Rxd1 Bxd1 37. Nc5 f4 38. Kc1 Bg4 39. Kd2 a5 40. Nb7 a4 41. Nd6 Bd7 42. Ke2 Bc6 43. Nf5 Kf7 44. Nd4 Bd5 45. a3 Kg6 46. Kf2 Bc4 47. Kf3 Kg5 48. Nc6 Bd5+ 0-1

[Event "GER-chT North U12"]
[Site "Magdeburg"]
[Date "2012.09.06"]
[Round "2.1"]
[White "Nguyen, Anh Van"]
[Black "Schnabel, Bennett"]
[Result "1-0"]
[WhiteElo "1475"]
[BlackElo "1703"]
[PlyCount "119"]
[EventDate "2012.09.06"]
[EventType "team-swiss"]
[EventRounds "7"]
[EventCountry "GER"]
[SourceTitle "EXT 2015"]
[Source "ChessBase"]
[SourceDate "2014.11.20"]
[SourceVersion "1"]
[SourceVersionDate "2014.11.20"]
[SourceQuality "1"]
[WhiteTeam "Potsdam"]
[BlackTeam "Baumschulenweg"]
[WhiteTeamCountry "GER"]
[BlackTeamCountry "GER"]

1. e4 c5 2. Nf3 Nc6 3. d4 cxd4 4. Nxd4 g6 5. Nc3 Bg7 6. Be3 Nf6 7. f3 d6 8. Be2 0-0 9. 0-0 Bd7 10. Kh1 Qc7 11. Nxc6 Qxc6 12. Qd2 Rfc8 13. Rac1 Be6 14. Rfd1 Nd7 15. Bd4 Bxd4 16. Qxd4 Qc5 17. Nd5 Bxd5 18. Qxd5 Qxd5 19. Rxd5 Rc7 20. c3 a6 21. Rcd1 b5 22. Bd3 Ne5 23. Be2 Nc6 24. f4 b4 25. c4 a5 26. c5 b3 27. a3 Nb8 28. cxd6 exd6 29. Rxd6 Rc2 30. R6d2 Nc6 31. h3 Rc8 32. Bd3 Rxd2 33. Rxd2 Rd8 34. Kg1 g5 35. g3 gxf4 36. gxf4 Nd4 37. Kf2 Ne6 38. Ke3 Kg7 39. Rg2+ Kh6 40. Bc4 Nc5 41. Rg5 Na4 42. Rd5 Rc8 43. Kd4 f6 44. Bxb3 Nxb2 45. Rxa5 Rd8+ 46. Rd5 Ra8 47. Kc3 Na4+ 48. Kb4 Nb2 49. a4 Re8 50. e5 fxe5 51. fxe5 Kg5 52. Kc3 Nxa4+ 53. Bxa4 Re7 54. e6+ Kf6 55. Bd7 Kg6 56. Kb4 Kf6 57. Kc5 Rg7 58. Kd6 h6 59. Rc5 Re7 60. Rf5+ 1-0

[Event "GER-ch U10"]
[Site "Oberhof"]
[Date "2010.05.25"]
[Round "5"]
[White "Nguyen, Anh Van"]
[Black "Diener, Carolin Valeria"]
[Result "0-1"]
[WhiteElo "1095"]
[BlackElo "1208"]
[PlyCount "78"]
[EventDate "2010.05.22"]
[EventType "swiss"]
[EventRounds "11"]
[EventCountry "GER"]
[SourceTitle "CBM 136 Extra"]
[Source "ChessBase"]
[SourceDate "2010.07.02"]
[SourceVersion "2"]
[SourceVersionDate "2010.07.15"]
[SourceQuality "1"]

1. d4 d5 2. Nf3 e6 3. c4 Nf6 4. Bg5 Be7 5. Nc3 0-0 6. e3 Nbd7 7. c5 c6 8. Bd3 b6 9. b4 Qc7 10. 0-0 e5 11. Bf5 exd4 12. exd4 Re8 13. Re1 Nf8 14. Bxf6 Bxf5 15. Be5 Qd7 16. Ne2 Bg4 17. Ng3 Ng6 18. h3 Nxe5 19. Rxe5 Be6 20. Ng5 Bf6 21. Nxe6 Bxe5 22. Ng5 Bf6 23. Nf3 bxc5 24. bxc5 Rab8 25. Nh5 Qf5 26. Ng3 Qf4 27. Ne2 Qh6 28. Ng3 g6 29. Nh2 Rb4 30. Ng4 Qg7 31. Nxf6+ Qxf6 32. Qg4 Kh8 33. Ne2 Rb2 34. Nc3 Qxf2+ 35. Kh1 Rc2 36. Nd1 Qe2 37. Qg5 Qd2 38. Qf6+ Kg8 39. Rb1 Qxg2# 0-1

[Event "Potsdam Christmas 34th"]
[Site "Potsdam"]
[Date "2009.12.27"]
[Round "2.25"]
[White "Maslov, Maxim"]
[Black "Nguyen, Anh Van"]
[Result "1/2-1/2"]
[WhiteElo "1778"]
[BlackElo "1291"]
[PlyCount "76"]
[EventDate "2009.12.27"]
[EventType "swiss"]
[EventRounds "7"]
[EventCountry "GER"]
[SourceTitle "EXT 2022"]
[Source "ChessBase"]
[SourceDate "2021.10.06"]
[SourceVersion "1"]
[SourceVersionDate "2021.10.06"]
[SourceQuality "1"]

1. e4 e5 2. Nf3 Nf6 3. d4 d6 4. dxe5 dxe5 5. Qxd8+ Kxd8 6. Nxe5 Be6 7. Nc3 Bd6 8. Nf3 Nc6 9. Bg5 Ke7 10. Bb5 Ne5 11. Nd4 h6 12. Bh4 Rad8 13. Nxe6 Kxe6 14. f4 Ng6 15. Bxf6 Kxf6 16. e5+ Nxe5 17. fxe5+ Bxe5 18. 0-0+ Ke6 19. Bc4+ Kd7 20. Rxf7+ Kc8 21. Be6+ Kb8 22. Re1 Bf6 23. Rd7 Rde8 24. Kf1 Rhf8 25. Bf7 Rd8 26. Rxd8+ Bxd8 27. Re8 Rxf7+ 28. Ke2 Kc8 29. Nd5 Kd7 30. Rg8 c6 31. Nc3 Bf6 32. Rb8 Kc7 33. Re8 Re7+ 34. Rxe7+ Bxe7 35. Ne4 b5 36. Ke3 g5 37. Kf3 h5 38. g4 h4 1/2-1/2

[Event "GER-ch U10"]
[Site "Willingen"]
[Date "2009.06.01"]
[Round "3"]
[White "Michalowski, Sophia"]
[Black "Nguyen, Anh Van"]
[Result "0-1"]
[WhiteElo "951"]
[BlackElo "1095"]
[PlyCount "84"]
[EventDate "2009.05.30"]
[EventType "swiss"]
[EventRounds "11"]
[EventCountry "GER"]
[SourceTitle "EXT 2010"]
[Source "ChessBase"]
[SourceDate "2010.11.25"]
[SourceVersion "1"]
[SourceVersionDate "2010.11.25"]
[SourceQuality "1"]

1. d4 Nf6 2. c4 e6 3. Nc3 d5 4. Bg5 Be7 5. Nf3 Nc6 6. e3 0-0 7. Bd3 Re8 8. Bc2 dxc4 9. Qe2 Nd5 10. Ne4 f5 11. Bxe7 Qxe7 12. Neg5 e5 13. 0-0 e4 14. Qxc4 exf3 15. Nxf3 Be6 16. g3 Nxe3 17. Qd3 Nxf1 18. Kxf1 Qf7 19. b3 Nb4 20. Ng5 Nxd3 21. Nxf7 Kxf7 22. Bxd3 Rad8 23. Bb5 c6 24. Be2 Rxd4 25. Bh5+ g6 26. Be2 f4 27. gxf4 Bh3+ 28. Kg1 Rxe2 29. a4 Rxf4 30. Rd1 Rg4+ 31. Kh1 Bg2+ 32. Kg1 Bf3+ 33. Kf1 Rxf2+ 34. Kxf2 Bxd1 35. Ke1 Bxb3 36. a5 Rg2 37. Kf1 Ra2 38. h3 Kf6 39. Kg1 Kf5 40. h4 Kg4 41. Kh1 Kg3 42. h5 Ra1# 0-1

[Event "GER-ch U10"]
[Site "Willingen"]
[Date "2009.05.31"]
[Round "2"]
[White "Nguyen, Anh Van"]
[Black "Reimers, Kim"]
[Result "0-1"]
[WhiteElo "1095"]
[BlackElo "901"]
[PlyCount "84"]
[EventDate "2009.05.30"]
[EventType "swiss"]
[EventRounds "11"]
[EventCountry "GER"]
[SourceTitle "EXT 2010"]
[Source "ChessBase"]
[SourceDate "2010.11.25"]
[SourceVersion "1"]
[SourceVersionDate "2010.11.25"]
[SourceQuality "1"]

1. e4 c6 2. d4 d5 3. e5 Bf5 4. Nc3 e6 5. Nf3 f6 6. Bd3 Nd7 7. Bxf5 exf5 8. Bf4 Ne7 9. 0-0 Ng6 10. Bg3 f4 11. Bh4 Nxh4 12. Nxh4 fxe5 13. Nf3 e4 14. Ne5 Nxe5 15. Qh5+ Ng6 16. Ne2 Bd6 17. Qf5 Qf6 18. Qh3 Qh4 19. Qe6+ Be7 20. g3 Qf6 21. Qh3 f3 22. Nc3 Qxd4 23. Rad1 Qf6 24. Rfe1 0-0 25. Qd7 Qf5 26. Qxf5 Rxf5 27. Rd4 Bc5 28. Rdd1 b5 29. Kf1 Ne5 30. a3 Ng4 31. b4 Bb6 32. h3 Nxf2 33. Rb1 Nxh3 34. Nxe4 dxe4 35. Rxe4 Rg5 36. g4 h5 37. Rd1 hxg4 38. Rd7 Bf2 39. Ree7 g3 40. Rxg7+ Rxg7 41. Rxg7+ Kxg7 42. c4 g2# 0-1